000 00648cab a2200205 4500
001 X1732
008 090401t1994 xxu||||| |||| 00| 0 eng d
035 _a(Sirsi) u18939
041 _aeng
245 _aCompulsory professional indenity insurance regulations: important changes to limits of indemnity and regulation 6
260 _c1994
350 _a0
490 _aCSM (Chartered Surveyor Monthly)
_v3(11) September 1994, 9(1)
650 _aPROFESSIONAL INDEMNITY INSURANCE
650 _aRICS BYE-LAWS
690 _aINSURANCE
_96249
690 _aMANAGEMENT-BUSINESS MANAGEMENT-PROFESSIONAL PRACTICE
942 _n0
948 _c04/03/1997
999 _c12600
_d12600